00617nam a2200169 a 450000100100000000500170001000800410002704000250006808200150009310000270010824500880013526000390022330000280026270000300029095201120032099900150043200000293520200929150305.0090706s1972 mx a 000 0 spa d aDO-SdBNPbspacBNPHU axxxxbxxxx1 aJohnson, Eric W.9931813aLo que cambia en ti durante la adolescencia /cEric W. Johnson, Corinne B. Johnson. aMéxico :bPax - México,c1972. a140 p. :bil. ;c21 cm.1 aB. Johnson, Corinne99319 001050718MOaPDbPDcHDd2009-07-06iLF1l0oxxxx xxxxp2935-10r2020-06-25w2020-06-25y1ZNo se presta c2768d2768